01242nam a22002057a 4500008004100000020001500041040001800056041000800074100004700082245009000129250001200219260006000231300003600291504006500327505046000392650006300852700002300915700002000938856007800958130821s2004 xxua gr eng  a0761908943 aCo-BoUCMbspa00aeng1 aRossi, Peter H.Q(Peter Henry)d1921-2006.10aEvaluation a systematic approachcPeter H. Rossi, Mark W. Lipsey, Howard E. Freeman. a7th ed. aThousand Oaks (California, Estados Unidos)bSagecc2004 ax, 470 páginasbilustraciones aIncluye referencias bibliográficas (p. 437-455) e indices.0 aPrograms, policies, and evaluations -- Tailoring evaluations -- Identifying issues and formulating questions -- Assessing the need for a program -- Expressing and assessing program theory -- Monitoring program process and performance -- Strategies for impact assessment -- Randomized designs for impact assessment -- Quasi-experimental impact assessments -- Assessment of full-coverage programs -- Measuring efficiency -- The Social Context of Evaluation.04aInvestigaciones evaluativas (Programas de acción social)1 aFreeman, Howard E.1 aLipsey, Mark W.413Tabla de Contenidouhttp://www.loc.gov/catdir/toc/ecip046/2003015926.html